Les marxistes et la question nationale 1848-1914 (Record no. 105438)

MARC details
000 -LEADER
campo de control de longitud fija 00899nam a22002771i 4500
001 - NÚMERO DE CONTROL
campo de control 105438
003 - IDENTIFICADOR DE NÚMERO DE CONTROL
campo de control ES-MaACL
007 - CAMPO FIJO DE DESCRIPCIÓN FÍSICA--INFORMACIÓN GENERAL
campo de control de longitud fija t|
008 - DATOS DE LONGITUD FIJA--INFORMACIÓN GENERAL
campo de control de longitud fija 060712s1974 fr ||||0| fre d
016 7# - NÚMERO DE CONTROL DE UNA AGENCIA BIBLIOGRÁFICA NACIONAL
Número de control cancelado/no válido IND9200404373
040 ## - FUENTE DE CATALOGACIÓN
Centro catalogador/agencia de origen M-BN
Lengua de catalogación spa
Centro/agencia transcriptor A2
080 ## - NÚMERO DE LA CLASIFICACIÓN DECIMAL UNIVERSAL
Número de la Clasificación Decimal Universal 323.17:141.82
080 ## - NÚMERO DE LA CLASIFICACIÓN DECIMAL UNIVERSAL
Número de la Clasificación Decimal Universal 141.82:323.17
100 1# - ENTRADA PRINCIPAL--NOMBRE DE PERSONA
Nombre de persona Haupt, Georges.
9 (RLIN) 62095
245 14 - MENCIÓN DEL TÍTULO
Título Les marxistes et la question nationale 1848-1914
Resto del título : études et textes /
Mención de responsabilidad, etc. Georges Haupt, Michael Lowy, Claudie Weill.
260 ## - PUBLICACIÓN, DISTRIBUCIÓN, ETC.
Lugar de publicación, distribución, etc. París :
Nombre del editor, distribuidor, etc. François Maspero,
Fecha de publicación, distribución, etc. 1974.
300 ## - DESCRIPCIÓN FÍSICA
Extensión 391 p ;
Dimensiones 22 cm.
490 1# - MENCIÓN DE SERIE
Mención de serie Bibliothèque socialiste ;
Designación de volumen o secuencia 27
500 ## - NOTA GENERAL
Nota general Biblioteca Juan Andrade.
650 14 - PUNTO DE ACCESO ADICIONAL DE MATERIA--TÉRMINO DE MATERIA
Término de materia o nombre geográfico como elemento de entrada Nacionalismo-
Subdivisión general Concepto marxista.
9 (RLIN) 15445
700 1# - ENTRADA AGREGADA--NOMBRE PERSONAL
Nombre de persona Lowy, Michael.
9 (RLIN) 74396
700 1# - ENTRADA AGREGADA--NOMBRE PERSONAL
Nombre de persona Weill, Claudie.
9 (RLIN) 116340
830 0# - PUNTO DE ACCESO ADICIONAL DE SERIE-TÍTULO UNIFORME
Título uniforme Bibliothèque socialiste ;
Designación de volumen o secuencia 27
9 (RLIN) 185029
852 ## - LOCALIZACIÓN
Ubicación ES-MaACL
Número de control de estantería AND-233
Sublocalización o colección R.109553
Holdings
Estatus retirado Estado de pérdida Estado de daño No para préstamo Biblioteca de origen Biblioteca actual Ubicación en estantería Fecha de adquisición Fuente de adquisición Total de préstamos Signatura topográfica completa Código de barras Visto por última vez Precio de reemplazo Tipo de ítem Koha
        Biblioteca del Ateneo de Madrid Biblioteca del Ateneo de Madrid Depósito 2 17/01/2008     AND-233 1110078 23/02/2023 23/02/2023 Libro impreso